Регионална библиотека "Любен Каравелов" - Русе

Паважно "дир тракъ" писта крос (Запис номер 152330)

MARC детайли
000 -Лидер
Контролно поле с фиксирана дължина 01782nam a2200493 c 4500
003 - Код на организацията, давaща контролен номер
Контролно поле BLK
005 - Дата и час на последна редакция
Контролно поле 20230802135339.0
008 - Елементи от данни с фиксирана дължина
fixed length control field 180410b bul|||||r ||||||| ||bul||
010 ## - Наследен системен номер
LC control number KNG00158802000
020 ## - Международен стандартен номер на книга ISBN
Международен стандартен номер на книга ISBN 978-954-337-212-6
040 ## - Източник на каталожния запис
Идентификатор на билиотеката - собственик на записа BLK
041 ## - Код за език
Код за езика на текст/звукозапис или на отделно заглавие Български
Код за езика КДБФ Български
072 #7 - Код за тематичната категория
Код организация bullib
Код за тематична категория Н79
Текст Спорт Н
072 #7 - Код за тематичната категория
Код организация bullib
Код за тематична категория Я
Текст Автографи
072 #7 - Код за тематичната категория
Код организация bullib
Код за тематична категория К
Текст Краезнание
072 #7 - Код за тематичната категория
Код организация bullib
Код за тематична категория РА
Текст Русенски автори
080 ## - УДК
Текстов определител УДК Мотоциклетен спорт
УДК код - определител по УДК 796.72
УДК определител (497.215)(091)
УДК - код + определител 796.72(497.215)(091)
100 ## - Редна дума - Автор
Автор Недков, Александър Георгиев
Дати, свързани с автора 1946-
R(LIN) 304267
139 ## - Редно поле
Редна дума Недков, Александър Георгиев
Авторски знак Недк - Н 45
245 10 - Сведения за заглавието
Заглавие Паважно "дир тракъ" писта крос
Редно поле (дума) Александър Георгиев Недков.
257 ## - Страна на издаване
Страна на създаване/издаване България
260 ## - Област на издателските данни
Име на издателя, разпространителя и проч. Авангард принт
Година на издаване 2014
300 ## - Физическа характеристика
Страници 255 с.
Илюстрации и др. със сн.
Размери/Мащаб 23 см
380 ## - Жанр
Жанр 793/799 Спорт
500 ## - Общи забележки
Забележка От автора за автора. - Библиогр. с. 253.
650 #4 - Допълнително описание по предмет – тема
Основно описание – тема или топоним Мотоциклетен спорт - България
9 (RLIN) 162780
650 #4 - Допълнително описание по предмет – тема
Основно описание – тема или топоним Русе - спорт и физическа култура
9 (RLIN) 284446
651 #4 - Допълнително описание по предмет - топоним
Географско понятие Русе
9 (RLIN) 179462
651 #4 - Допълнително описание по предмет - топоним
Географско понятие България
9 (RLIN) 241624
653 ## - Ключова дума – ненормативна
Ключова дума мотоциклетизъм
653 ## - Ключова дума – ненормативна
Ключова дума мото спорт
653 ## - Ключова дума – ненормативна
Ключова дума история
659 ## - Тематичен бюлетин
Тематичен бюлетин К
659 ## - Тематичен бюлетин
Тематичен бюлетин Н
659 ## - Тематичен бюлетин
Тематичен бюлетин Я
852 ## - Местоположение
Форматна сигнатура Цб 268288
852 ## - Местоположение
Форматна сигнатура К 796/799/Н 45 А
856 4# - Електронен адрес и достъп
Електронен формат pdf - файл
856 4# - Електронен адрес и достъп
Електронен формат pdf - файл
999 ## - СИСТЕМНИ КОНТРОЛНИ НОМЕРА
Koha biblionumber 152330
Koha biblioitemnumber 152330
942 ## - АРТИКУЛИ
Вид на библиотечния материал Книги
Скрит в OPAC Не
Периодичен библиозапис Да
Koha issues (borrowed), all copies 1
944 ## - СЪЗДАВАНЕ И РЕДАКЦИЯ на ЗАПИСА
Създаване/Редакция Създаване
Дата на регистрацията/редакция 28.03.2014
Статус, дата на статуса Теодора Пейчева-Дянкова
Служител, извършил регистрацията/редакцията 30556
944 ## - СЪЗДАВАНЕ И РЕДАКЦИЯ на ЗАПИСА
Създаване/Редакция Редакция
Дата на регистрацията/редакция 22.06.2016
Статус, дата на статуса ф /
Служител, извършил регистрацията/редакцията Людмила_Стоянова
999 ## - СИСТЕМНИ КОНТРОЛНИ НОМЕРА
Koha biblioitemnumber 152330
Наличности
Код за отписване Код за изгубен артикул Код за повреда Коз за рестрикции Код за отдаване Артикулен № Име на библиотеката - собственик Име на библиотеката, в която се намира в момента Статус (Текущо местоположение) Дата на вписване в системата Местоположение - отдел Цена в лева Номерация (Хронология) Инвентарен номер Систематично азбучна сигнатура Баркод Номер на екземпляра Цена в евро Служебна бележка Служебен тип на артикула Източник на класификационната схема
  Не е изгубен Не е повреден без рестрикции ползва се в читалня 254436 Регионална библиотека "Любен Каравелов" Русе Регионална библиотека "Любен Каравелов" Русе Хранилище 2014-03-31 Основен фонд - ползва се само за читалня 18.00 Автограф: Александър Недков 120000776243 Цб 268288 120000776243 1 9.20 Дост: DA Вид: А N: 7 Дата: 31.03.2014 Книги  
  Не е изгубен Не е повреден без рестрикции ползва се в читалня 254437 Регионална библиотека "Любен Каравелов" Русе Регионална библиотека "Любен Каравелов" Русе Краезнание 2014-03-31 Краезнание 18.00   120000776244 К 796/799/Н 45 А 120000776244 2 9.20 Дост: DA Вид: А N: 7 Дата: 31.03.2014 Дата инв: 06.11.2017 Бележки инв: К2017 Книги Universal Decimal Classification
  Не е изгубен Не е повреден без рестрикции ползва се в читалня 254438 Регионална библиотека "Любен Каравелов" Русе Регионална библиотека "Любен Каравелов" Русе Хранилище 2015-10-16 Хранилище 17.00   120000793778 Цб 268288 120000793778 3 8.69 Дост: Dp Вид: Д N: 36 Дата: 19.08.2015 Книги  
  Не е изгубен Не е повреден без рестрикции заемане за дома 254439 Регионална библиотека "Любен Каравелов" Русе Регионална библиотека "Любен Каравелов" Русе Заемна - подръчен фонд 2016-01-19 Заемна - подръчен фонд 17.00   120000797008 П 796/Н 45 120000797008 4 8.69 Дост: DA Вид: А N: 1 Дата: 19.01.2016 Дата инв: 08.02.2018 Бележки инв: П2018 Книги  
  Не е изгубен Не е повреден без рестрикции заемане за дома 254440 Регионална библиотека "Любен Каравелов" Русе Регионална библиотека "Любен Каравелов" Русе Заемна - подръчен фонд 2016-06-18 Заемна - подръчен фонд 17.00   120000801212 П 796/Н 45 120000801212 5 8.69 Дост: DA Вид: А N: 21 Дата: 18.06.2016 Дата инв: 08.02.2018 Бележки инв: П2018 Книги  
  Не е изгубен Не е повреден   ползва се в читалня 732878 Регионална библиотека "Любен Каравелов" Русе Регионална библиотека "Любен Каравелов" Русе Хранилище 2019-08-23 Хранилище 19.00     Цб 296443 120000835677   9.71   Книги Universal Decimal Classification
Vip Innovations Ltd, Rousse, Bulgaria 2025